Strategic Management: Concepts and Cases (Record no. 1879)

MARC details
000 -LEADER
fixed length control field 00383nam a22001457a 4500
008 - FIXED-LENGTH DATA ELEMENTS--GENERAL INFORMATION
fixed length control field 250107b |||||||| |||| 00| 0 eng d
020 ## - INTERNATIONAL STANDARD BOOK NUMBER
ISBN 0256037175
100 ## - MAIN ENTRY--AUTHOR
Author THOMPSON, Arthur A. Jr.
245 ## - TITLE STATEMENT
Title Strategic Management: Concepts and Cases
250 ## - EDITION STATEMENT
Edition statement 4th
260 ## - PUBLICATION, DISTRIBUTION, ETC. (IMPRINT)
Place of publication U.S.A
Name of publisher Business Publication Inc.
Date of publication 1978
300 ## - COLLATION
Pagination xvii, 1045p.
942 ## - ADDED ENTRY ELEMENTS (KOHA)
Item type Books
050 ## - LIBRARY OF CONGRESS CALL NUMBER
Classification number HD30.28
Item number .T46
Holdings
Source of classification or shelving scheme Not for loan Permanent location Current location Date acquired Accession No. Full call number Barcode. Koha item type
Library of Congress Classification   Samuel Ogbemudia Main Library, University of Abuja Samuel Ogbemudia Main Library, University of Abuja 01/07/2025 2004/25991 HD30.28.T46 2025-0011 Books